Charcos en el camino (Registro nro. 242086)

Detalles MARC
000 -ENCABEZADO
Número de control [NR] 01009nam a22002775b 4500
005 - FECHA Y HORA DE LA ÚLTIMA TRANSACCIÓN
control field 20180312142011.0
008 - DE LONGITUD FIJA DE DATOS DE ELEMENTOS - INFORMACIÓN GENERAL
Elementos de longitud fija [NR] 140425s1990 sp a gr |||| f|spa
020 ## - NUMERO INTERNACIONAL NORMALIZADO PARA LIBROS [R]
Número Internacional Normalizado del libro [NR] 8434808188
040 ## - FUENTE DE CATALOGACION [NR]
Agencia de catalogación original [NR] CO-BoUCM
Idioma de catalogación [NR] spa
Quien Cataloga Jose A. Gerena
Quien Clasifica Jose A. Gerena
041 1# - CODIGO DE IDIOMA [R]
Código de idioma para texto/pista de sonido o título separado [R] Español
100 1# - ASIENTO PRINCIPAL--NOMBRE PERSONAL [NR]
Nombre personal [NR] Parker, Alan
Fechas asociadas con el nombre [NR] 1944-
ID Autoridad 60214
245 1# - MENCION DE TITULO [NR]
Título [NR] Charcos en el camino
Mención de responsabilidad, etc. [NR] Alan Parker ; traducción, Pedro Barbadillo ; ilustraciones y cubierta, Antonio Tello
250 ## - MENCION DE EDICION [NR]
Mención de edición [NR] 11a ed
260 ## - PUBLICACION, DISTRIBUCION, ETC. (PIE DE IMPRENTA) [R]
Lugar de publicación, distribución, etc. [R] Madrid (España)
Nombre del editor, distribuidor, etc. [R] Ediciones SM
Fecha de publicación, distribución, etc. [R] 1990
300 ## - DESCRIPCION FISICA [R]
Extensión [R] 192 páginas
Otros detalles físicos [NR] ilustraciones
490 #3 - MENCION DE SERIE [R]
Mención de serie [R] El barco de vapor
-- Serie roja
-- 60215
650 #7 - ASIENTO SECUNDARIO DE MATERIA - TERMINO TEMATICO [R]
9 (RLIN) 16618
Término temático o nombre geográfico como elemento de entrada [NR] Guerra en la literatura
650 #7 - ASIENTO SECUNDARIO DE MATERIA - TERMINO TEMATICO [R]
9 (RLIN) 18321
Término temático o nombre geográfico como elemento de entrada [NR] Lectura y libros
650 #7 - ASIENTO SECUNDARIO DE MATERIA - TERMINO TEMATICO [R]
Término temático o nombre geográfico como elemento de entrada [NR] Literatura inglesa
9 (RLIN) 18689
690 ## - ASUNTO AGREGADO LOCAL DE ENTRADA - TÉRMINO TEMÁTICO (OCLC, RLIN)
9 (RLIN) 42863
Acceso temático local Literatura europea
700 1# - ASIENTO SECUNDARIO - NOMBRE PERSONAL [R]
Nombre personal [NR] Barbadillo, Pedro
Término de relación [R] traductor
9 (RLIN) 60216
700 1# - ASIENTO SECUNDARIO - NOMBRE PERSONAL [R]
Nombre personal [NR] Tello, Antonio
Fechas asociadas con el nombre [NR] 1951-
Término de relación [R] ilustrador
9 (RLIN) 60217
765 ## - ASIENTO DE IDIOMA ORIGINAL [R]
Título [NR] Puddles in the lane
942 ## - ELEMENTOS DE ENTRADA AGREGADOS (KOHA)
Tema principal Literatura
Tipo de ítem principal el descrito en 300a Libro
Edición 11
Parte restante de la signatura top. P238c
Sistema de clasificación DEWEY
Clasificación 823.914
Título oculto en OPAC No
Existencias
Total préstamos Signatura topográfica Código de barras Última vez visto Volúmen / Fascículo Ejemplar Costo de reposición Price effective from Tipo de ítem Nota pública (OPAC) Perdido Sistema de clasificación Dañado No prestable Tipo de ítem específico Suprimido Ubicación habitual Ubicación actual Localización Fecha de creación Proveedor Forma de adquisición Costo
  823.914 P238c 200026720 11/12/2025 11a.Ed. Ej.1 26000.00 02/08/2013 Libro Spot Literatura Infantil   DEWEY     Libro   Quinta de Mutis Quinta de Mutis Mezanecs 02/08/2013 12 Donación 0.00